<?xml version="1.0" encoding="UTF-8"?>
<collection xmlns="http://www.loc.gov/MARC21/slim">
 <record>
  <leader>00577pamaa2200169   4500</leader>
  <controlfield tag="001">0000017958</controlfield>
  <controlfield tag="005">20060626090000.0</controlfield>
  <datafield tag="020" ind1="0" ind2="0">
   <subfield code="a">0442276435 </subfield>
  </datafield>
  <datafield tag="082" ind1=" " ind2=" ">
   <subfield code="a">660.281 MIN 1980</subfield>
  </datafield>
  <datafield tag="090" ind1="0" ind2="0">
   <subfield code="a">TP155.75 </subfield>
   <subfield code="b">MIN 1980</subfield>
  </datafield>
  <datafield tag="245" ind1="0" ind2="0">
   <subfield code="a">MINI-and microcomputer control in industrial processes : </subfield>
   <subfield code="b">handbook of systems and application strategies  </subfield>
   <subfield code="c">edited by M. Robert Skrokov.</subfield>
  </datafield>
  <datafield tag="260" ind1="0" ind2="0">
   <subfield code="a">New York: </subfield>
   <subfield code="b">Van Nostrand, </subfield>
   <subfield code="c">1980.</subfield>
  </datafield>
  <datafield tag="300" ind1=" " ind2=" ">
   <subfield code="a">xi, 291p.: </subfield>
   <subfield code="b">26cm.</subfield>
  </datafield>
  <datafield tag="650" ind1="0" ind2="0">
   <subfield code="a">Chemical process control -- </subfield>
   <subfield code="x">Data procesing </subfield>
  </datafield>
  <datafield tag="650" ind1="0" ind2="0">
   <subfield code="a">Minicomputers </subfield>
  </datafield>
  <datafield tag="650" ind1="0" ind2="0">
   <subfield code="a">Microcomputers </subfield>
  </datafield>
  <datafield tag="700" ind1="1" ind2="1">
   <subfield code="a">Skrokov, </subfield>
   <subfield code="h">M. Robert </subfield>
  </datafield>
 </record>
</collection>
